NLSUI OPAC header image

British foreign policy 1945-56 (Record no. 5913)

MARC details
000 -LEADER
fixed length control field 00387nam a2200157Ia 4500
008 - FIXED-LENGTH DATA ELEMENTS--GENERAL INFORMATION
fixed length control field 160316s1989 xxu||||| |||| 00| 0 eng d
082 ## - DEWEY DECIMAL CLASSIFICATION NUMBER
Classification number 327.410000
Item number DOC
100 ## - MAIN ENTRY--PERSONAL NAME
Personal name Dockrill Michael
245 ## - TITLE STATEMENT
Title British foreign policy 1945-56
250 ## - EDITION STATEMENT
Edition statement
260 ## - PUBLICATION, DISTRIBUTION, ETC.
Place of publication, distribution, etc. London
Name of publisher, distributor, etc. Macmillan Publishing Co.
Date of publication, distribution, etc. 1989
300 ## - PHYSICAL DESCRIPTION
Extent 256p
Other physical details
Dimensions
365 ## - TRADE PRICE
Price amount Gratis
650 ## - SUBJECT ADDED ENTRY--TOPICAL TERM
Topical term or geographic name entry element
700 ## - ADDED ENTRY--PERSONAL NAME
Personal name Young John W
--
Holdings
Withdrawn status Lost status Damaged status Not for loan Home library Current library Shelving location Date acquired Total Checkouts Full call number Barcode Date last seen Price effective from Koha item type
        . . Library Compactors 30.05.2017   327.41 DOC 6106 30.05.2017 30.05.2017 BOOKs